[Event "VI MFSz Turniej Otwarty"]
[Site "Ostroda"]
[Date "2009.08.12"]
[Round "8.11"]
[White "Pawlowski, Dariusz"]
[Black "Gajek, Radoslaw"]
[Result "0-1"]
[WhiteElo "1729"]
[BlackElo "1785"]
[PlyCount "52"]
[EventDate "2009.??.??"]

1. d4 g6 2. c4 Bg7 3. Nc3 d6 4. e4 Nf6 5. f3 O-O 6. Be3 b6 7. Qd2 c5 8. d5 a6
9. Nge2 e6 10. Ng3 exd5 11. Nxd5 Be6 12. Bh6 Nc6 13. Bxg7 Kxg7 14. h4 h5 15.
Qg5 Bxd5 16. cxd5 Nd4 17. Rc1 b5 18. Ne2 Nxe2 19. Bxe2 Qa5+ 20. Kf2 Qxa2 21. g4
Qxb2 22. gxh5 Nxh5 23. Rhg1 Qf6 24. Qxh5 Qd4+ 25. Kf1 Qxg1+ 26. Kxg1 gxh5 0-1

[Event "VI MFSz Turniej Otwarty"]
[Site "Ostroda"]
[Date "2009.08.12"]
[Round "8.12"]
[White "Szymanowski, Mateusz"]
[Black "Tuszynski, Eugeniusz"]
[Result "0-1"]
[WhiteElo "1600"]
[BlackElo "1792"]
[PlyCount "84"]
[EventDate "2009.??.??"]

1. e4 c5 2. Nf3 d6 3. d4 cxd4 4. Nxd4 Nf6 5. Nc3 g6 6. f3 Bg7 7. Be3 Nc6 8. Qd2
Bd7 9. O-O-O Rc8 10. g4 Nb4 11. Kb1 h5 12. g5 Nh7 13. h4 O-O 14. a3 Nc6 15. f4
Bg4 16. Be2 Bxe2 17. Ncxe2 Qd7 18. Rdg1 e5 19. Nb5 Rfd8 20. Rd1 Bf8 21. Rhf1 a6
22. Nbc3 b5 23. f5 b4 24. Nd5 bxa3 25. bxa3 Rb8+ 26. Ka2 Bg7 27. Nb6 Qc7 28.
fxg6 fxg6 29. Qd5+ Kh8 30. Rf7 Ne7 31. Qd3 Re8 32. Rb1 Qd8 33. Nc4 Rxb1 34.
Kxb1 d5 35. exd5 e4 36. Qxe4 Nxd5 37. Qd3 Nxe3 38. Nxe3 Qb8+ 39. Kc1 Qb2+ 40.
Kd2 Qe5 41. Nd4 Kg8 42. Nc4 Qe1# 0-1

[Event "VI MFSz Turniej Otwarty"]
[Site "Ostroda"]
[Date "2009.08.12"]
[Round "8.13"]
[White "Jadanowska, Beata"]
[Black "Murawski, Jacek"]
[Result "1-0"]
[WhiteElo "1831"]
[BlackElo "1619"]
[PlyCount "39"]
[EventDate "2009.??.??"]

1. d4 Nf6 2. c4 g6 3. Nf3 Bg7 4. Nc3 O-O 5. Bg5 d6 6. e3 c5 7. Be2 a5 8. O-O h6
9. Bh4 g5 10. Bg3 Nh5 11. d5 Nxg3 12. fxg3 f5 13. Qc2 Na6 14. a3 Nc7 15. Bd3 e6
16. Rae1 e5 17. e4 f4 18. gxf4 exf4 19. e5 dxe5 20. Nxe5 1-0

[Event "VI MFSz Turniej Otwarty"]
[Site "Ostroda"]
[Date "2009.08.13"]
[Round "9.1"]
[White "Glatty, Zbigniew"]
[Black "Plichta, Kamil"]
[Result "1/2-1/2"]
[WhiteElo "1924"]
[BlackElo "2039"]
[PlyCount "44"]
[EventDate "2009.??.??"]

1. e4 c5 2. Nf3 g6 3. d4 cxd4 4. Nxd4 Nc6 5. c4 Bg7 6. Be3 Nf6 7. Nc3 Ng4 8.
Qxg4 Nxd4 9. Qd1 e5 10. Be2 O-O 11. O-O d6 12. f4 f5 13. Qd2 Be6 14. b3 Qa5 15.
Bf3 fxe4 16. Nxe4 Qxd2 17. Bxd2 exf4 18. Rad1 Nxf3+ 19. gxf3 Bh3 20. Rfe1 Rf5
21. Bb4 Re8 22. Bxd6 Be5 1/2-1/2

[Event "VI MFSz Turniej Otwarty"]
[Site "Ostroda"]
[Date "2009.08.13"]
[Round "9.2"]
[White "Puczylowski, Marcin"]
[Black "Reza, Wojciech"]
[Result "0-1"]
[WhiteElo "2017"]
[BlackElo "1806"]
[PlyCount "65"]
[EventDate "2009.??.??"]

1. d4 e6 2. e4 c5 3. Nf3 cxd4 4. Nxd4 a6 5. Nc3 Qc7 6. Be3 b5 7. a3 Bb7 8. f3
Nc6 9. Qd2 Nf6 10. Be2 Rc8 11. O-O h5 12. Rfd1 h4 13. h3 Nh5 14. Bd3 Ng3 15.
Nce2 Nxd4 16. Bxd4 Nxe2+ 17. Qxe2 Bc5 18. Bxc5 Qxc5+ 19. Kh1 d5 20. b4 Qc3 21.
exd5 Bxd5 22. Rdc1 Bc4 23. Bxc4 Qxc4 24. Qxc4 Rxc4 25. Kg1 Ke7 26. Kf2 Rhc8 27.
Ra2 Kf6 28. g3 hxg3+ 29. Kxg3 e5 30. Kg2 Kf5 31. Kf2 Rh8 32. Kg3 Rd8 33. a4 {
zapis nieczytelny} 0-1

[Event "VI MFSz Turniej Otwarty"]
[Site "Ostroda"]
[Date "2009.08.13"]
[Round "9.4"]
[White "Dzionk, Agata"]
[Black "Hekman, Dominik"]
[Result "1/2-1/2"]
[WhiteElo "1861"]
[BlackElo "1647"]
[PlyCount "78"]
[EventDate "2009.??.??"]

1. e4 c5 2. Nc3 Nc6 3. f4 e6 4. Nf3 d5 5. e5 Nge7 6. Bb5 a6 7. Bxc6+ Nxc6 8.
O-O b5 9. d3 Be7 10. Qe1 Bb7 11. Qg3 g6 12. a3 Qb6 13. Ne2 O-O-O 14. c3 d4 15.
cxd4 Nxd4 16. Nexd4 cxd4 17. Bd2 Kb8 18. Rac1 Rc8 19. Qf2 Bxf3 20. Qxf3 Rxc1
21. Rxc1 Rc8 22. Rxc8+ Kxc8 23. Qd1 Qc6 24. Kf2 f6 25. exf6 Bxf6 26. Qc1 Kd7
27. Qxc6+ Kxc6 28. Kf3 Kd5 29. g4 Be7 30. Bb4 Bd8 31. b3 a5 32. Be1 a4 33. b4
Bf6 34. h4 h5 35. Kg3 Bg7 36. Bf2 Bh8 37. Kf3 Bf6 38. Be1 Bg7 39. gxh5 gxh5
1/2-1/2

[Event "VI MFSz Turniej Otwarty"]
[Site "Ostroda"]
[Date "2009.08.13"]
[Round "9.5"]
[White "Stachowicz, Feliks"]
[Black "Wodzynski, Michal"]
[Result "1/2-1/2"]
[WhiteElo "1680"]
[BlackElo "1996"]
[PlyCount "89"]
[EventDate "2009.??.??"]

1. d4 d5 2. Nf3 f5 3. g3 Nf6 4. Bg2 e6 5. c4 c6 6. cxd5 exd5 7. O-O Bd6 8. Ne5
O-O 9. Qb3 Nbd7 10. f4 Ne4 11. Bd2 a5 12. Bc3 Ndf6 13. a4 Qc7 14. e3 Bd7 15.
Nd2 Rfb8 16. Rfc1 b5 17. axb5 Rxb5 18. Qc2 c5 19. Bxe4 Nxe4 20. Nxe4 fxe4 21.
dxc5 Rxc5 22. Qd2 Bxe5 23. Bxe5 Qb6 24. Bc3 Bb5 25. Qd4 Qc7 26. Ra3 Ra7 27.
Rca1 Bc4 28. Qd2 Bd3 29. Rxa5 Raxa5 30. Rxa5 Rxa5 31. Bxa5 Qc2 32. Qxc2 Bxc2
33. b4 Bd3 34. Kf2 Kf7 35. Ke1 Ke6 36. g4 d4 37. Kd2 dxe3+ 38. Kxe3 g6 39. Kd4
h5 40. h3 hxg4 41. hxg4 Kd6 42. Bb6 Be2 43. g5 Kc6 44. Bc5 Bg4 45. Kxe4 1/2-1/2

[Event "VI MFSz Turniej Otwarty"]
[Site "Ostroda"]
[Date "2009.08.13"]
[Round "9.7"]
[White "Gajek, Radoslaw"]
[Black "Kapica, Pawel"]
[Result "1-0"]
[WhiteElo "1785"]
[BlackElo "1869"]
[PlyCount "51"]
[EventDate "2009.??.??"]

1. e4 c5 2. Nf3 d6 3. d4 cxd4 4. Nxd4 Nf6 5. Nc3 a6 6. Bg5 e6 7. f4 Be7 8. Qf3
Qc7 9. O-O-O Nbd7 10. g4 b5 11. Bxf6 Nxf6 12. g5 Nd7 13. f5 Nc5 14. f6 gxf6 15.
gxf6 Bf8 16. Rg1 Bb7 17. Bh3 b4 18. Nd5 exd5 19. exd5 Nd7 20. Nc6 Ne5 21. Rde1
Bxc6 22. dxc6 Kd8 23. Rxe5 dxe5 24. Rd1+ Bd6 25. Qd5 Re8 26. Qc5 1-0

[Event "VI MFSz Turniej Otwarty"]
[Site "Ostroda"]
[Date "2009.08.13"]
[Round "9.9"]
[White "Ciesielski, Tomasz"]
[Black "Tuszynski, Eugeniusz"]
[Result "1-0"]
[WhiteElo "1886"]
[BlackElo "1792"]
[PlyCount "83"]
[EventDate "2009.??.??"]

1. e4 e6 2. d3 d6 3. f4 c5 4. Nf3 Nc6 5. g3 g6 6. Bg2 Bg7 7. c3 Nge7 8. O-O O-O
9. g4 Qc7 10. Na3 a6 11. Be3 b6 12. Rc1 Bb7 13. Qe2 Rad8 14. d4 Na7 15. Bf2 Qd7
16. b3 Qc7 17. Rfd1 Rfe8 18. b4 Qc6 19. bxc5 dxc5 20. e5 Qc7 21. Nc4 Nac8 22.
Ne3 Kh8 23. Ng5 Kg8 24. Ne4 Nd5 25. dxc5 Nxe3 26. Qxe3 bxc5 27. Qxc5 Qxc5 28.
Bxc5 Bxe4 29. Bxe4 Bf8 30. Bd4 Be7 31. Rb1 Bf8 32. Bb7 Ne7 33. Bxa6 Ra8 34. Bb5
Red8 35. Bf2 Nd5 36. c4 Nc3 37. Rxd8 Rxd8 38. Rb3 Rd1+ 39. Kg2 Ne4 40. Bb6 Rd2+
41. Kf3 Nf2 42. Bxf2 1-0

[Event "VI MFSz Turniej Otwarty"]
[Site "Ostroda"]
[Date "2009.08.13"]
[Round "9.11"]
[White "Kumala, Aleksander"]
[Black "Moszczenski, Milosz"]
[Result "1-0"]
[WhiteElo "1858"]
[BlackElo "1445"]
[PlyCount "57"]
[EventDate "2009.??.??"]

1. e4 c6 2. d4 d5 3. exd5 cxd5 4. c4 Nc6 5. Nc3 Nf6 6. Bg5 e6 7. c5 Be7 8. Nf3
a6 9. Na4 Nd7 10. Bf4 b5 11. Nc3 Bb7 12. Bd3 Bf6 13. Bc2 Nb4 14. Bb1 Nf8 15. a3
Nc6 16. b4 Ng6 17. Bd6 Be7 18. Bg3 O-O 19. h4 Qd7 20. h5 Nh8 21. Qd3 f5 22. Ne2
Nf7 23. Bf4 g6 24. hxg6 hxg6 25. Ne5 Ncxe5 26. Qh3 Rfe8 27. Bxe5 Kf8 28. Qh7 g5
29. Bg7# 1-0

[Event "VI MFSz Turniej Otwarty"]
[Site "Ostroda"]
[Date "2009.08.13"]
[Round "9.12"]
[White "Wodzynska, Zofia"]
[Black "Renkowski, Piotr"]
[Result "0-1"]
[WhiteElo "1531"]
[BlackElo "1688"]
[PlyCount "98"]
[EventDate "2009.??.??"]

1. e4 e5 2. Nf3 Nc6 3. Bc4 Bc5 4. Nc3 Nf6 5. d3 d6 6. O-O Bg4 7. h3 Bh5 8. Be3
Bb6 9. a3 h6 10. Na4 g5 11. Nxb6 axb6 12. c3 Na5 13. Ba2 Qd7 14. Kh1 Rg8 15.
Rg1 g4 16. hxg4 Qxg4 17. Qf1 Qg6 18. Nh4 Qg4 19. g3 Qd7 20. b4 Nc6 21. f3 Ne7
22. Bb3 Ng6 23. Nf5 Ne7 24. Nh4 d5 25. a4 Ng6 26. Nf5 Ne7 27. Nh4 c6 28. Rc1 b5
29. a5 Ng6 30. Nf5 Ne7 31. Nh4 d4 32. cxd4 exd4 33. Bd2 Ng6 34. Nf5 Ne7 35. Nh4
Qc7 36. Bf4 Qc8 37. Rc5 Bg6 38. Rc2 Nh5 39. Bd6 Qd7 40. Bxe7 Qxe7 41. Rc5 Nxg3+
42. Rxg3 Qxh4+ 43. Rh3 Qf4 44. Qf2 Qe3 45. Qh4 h5 46. Re5+ Kf8 47. Rc5 Bxe4 48.
Rg3 Bxf3+ 49. Kh2 Qf2+ 0-1

[Event "VI MFSz Turniej Otwarty"]
[Site "Ostroda"]
[Date "2009.08.13"]
[Round "9.14"]
[White "Kotlowska, Anna"]
[Black "Szymanowski, Mateusz"]
[Result "1/2-1/2"]
[WhiteElo "1645"]
[BlackElo "1600"]
[PlyCount "76"]
[EventDate "2009.??.??"]

1. e4 c5 2. Nc3 Nc6 3. Bc4 e6 4. d3 Nf6 5. f4 d5 6. Bb5 d4 7. Bxc6+ bxc6 8.
Nce2 Be7 9. h3 Nh5 10. g3 Ba6 11. Nf3 Nf6 12. Bd2 O-O 13. O-O Qb6 14. Rb1 Rfd8
15. b3 h6 16. g4 Qb5 17. Rf2 Rab8 18. g5 hxg5 19. fxg5 Nd7 20. g6 f6 21. h4 Nf8
22. a4 Qb7 23. h5 c4 24. h6 cxd3 25. Nf4 dxc2 26. Qxc2 d3 27. Qc1 Qb6 28. Kf1
Bd6 29. Nh4 Qc7 30. Nh5 Bg3 31. Rxf6 Bxh4 32. Rf7 Qh2 33. Qc5 Qe2+ 34. Kg1 Qg4+
35. Kf1 Qe2+ 36. Kg1 Qxd2 37. Qxf8+ Rxf8 38. Rxg7+ Kh8 1/2-1/2